| 000 | 00671nam a22001577a 4500 | ||
|---|---|---|---|
| 003 | OSt | ||
| 005 | 20160831151359.0 | ||
| 008 | 160831b xxu||||| |||| 00| 0 eng d | ||
| 040 | _cRUA | ||
| 082 | _aAGE SOT 2014 B515 Or. | ||
| 100 |
_99724 _aSOTH SARONG; សុទ្ធ សារ៉ង |
||
| 245 | _aThe tools use in rubber plantation before tapping at SOCFIN-KCD company; ស្វែងយល់ពីឧបករណ៍ប្រើប្រាស់ក្នុងចំការកៅស៊ូមុនពេលចៀរជ័រ នៅក្រុមហ៊ុន SOCFIN-KCD | ||
| 260 |
_aRUA _bPhnom Penh _c2014 |
||
| 300 |
_axi; 46p. _bill. _c29cm. |
||
| 942 |
_2ddc _cAGE |
||
| 999 |
_c9368 _d9368 |
||